LEADER 01371nam a2200265 i 4500 001 000000007410 003 CaOOAMICUS 005 20200224102246.0 008 180830s2001 it u000 u ita u 040 $aSeMil$bita 245 10$aMilano e l'accademia scientifico-letteraria :$bstudi in onore di Maurizio Vitale /$ca cura di G. Barbarisi, E. Decleva, S. Morgana. 260 $aMilano :$bCisalpino,$c2001. 300 $aXIII, 1271 p. :$bill. ;$c25 cm. 600 14$aAscoli, Graziadio Isaia <1829-1907>.$0(OLS)http://semarc/subject/1210 650 4$aMilano - Accademia Scientifico-Letteraria.$0(OLS)http://semarc/subject/1209 700 1 $aVitale, Maurizio.$0(OLS)http://semarc/name/3839 700 1 $aMorgana, Silvia,$d<1946- >.$0(OLS)http://semarc/name/3841 700 1 $aDecleva, Enrico,$d<1941- >.$0(OLS)http://semarc/name/3840 700 1 $aBarbarisi, Gennaro <1932-2007>.$0(OLS)http://semarc/name/612 774 0 $t2.$z88-323-4567-6$w()105621 774 0 $t1.$z88-323-4567-6$w()105806 830 0$aQuaderni di Acme / Universitŕ degli studi di Milano, Facoltŕ di lettere e filosofia ;$v47.$0(OLS)http://semarc/title/9934 996 $6245$aMilano e l'accademia scientifico-letteraria :$bstudi in onore di Maurizio Vitale$9(OLS)http://semarc/title/9933 996 $6260$aMilano :$bCisalpino$9(OLS)http://semarc/publisher/29764 LEADER 01355nam a2200277 i 4500 001 000000123320 003 CaOOAMICUS 005 20250728122632.0 008 040221s1972 it u000 u ita u 040 $aSeMil$bita 245 00$a11: Heinrich Böll, Negritudine, Aimé Césaire, Fernando Arrabal, Osip Mandel'?tam, Antonio Gramsci. 260 $aMilano :$bLetture,$c1972. 300 $a154 p. ;$c25 cm. 500 $aEstratti dalla rivista «Letture» 1972-73. 600 14$aBöll, Heinrich <1917-1985>.$0(OLS)http://semarc/subject/8357 600 14$aCésaire, Aimé <1913-2008>.$0(OLS)http://semarc/subject/58354 600 14$aArrabal, Fernando <1932- >.$0(OLS)http://semarc/subject/58355 600 14$aMandel'?tam, Osip ?mil'evi? <1891-1938>.$0(OLS)http://semarc/subject/51747 600 14$aGramsci, Antonio <1891-1937>.$0(OLS)http://semarc/subject/9163 773 0 $tProfili di scrittori.$dMilano : Letture, [1972]-1981.$g11$w()363738 850 $aSeMil 852 $aSeMil$W1$xVenegono$y1$m1R V 54$j260344$B78061$CSeMilBibl$Z2$F80277 $81 961 $aRecupero: Deposito 996 $6245$a11: Heinrich Böll, Negritudine, Aimé Césaire, Fernando Arrabal, Osip Mandel'?tam, Antonio Gramsci$9(OLS)http://semarc/title/181407 996 $6260$aMilano :$bLetture$9(OLS)http://semarc/publisher/31553